000 01469nam a22002057a 4500
999 _c26300
_d26300
003 BDDh-ASL
005 20231015030628.0
008 201028s1989 b ||||| |||| 00| 0 b d
040 _aBDDh-ASL
_cBDDh-ASL
041 _aben
082 _a928.9144
_bSMR
245 0 0 _aস্মৃতি অম্লান:
_bপ্রখ্যাত লোকসাহিত্যিক চৌধুরী গোলাম আকবর সাহিত্যভূষণ সাহেবের প্রথম মৃর্ত্যবার্ষিকী উপলক্ষে স্মারকগুচ্ছ-এক ১৯৮৯/১৩৯৬ /
246 _aSmrity Omlan
260 _aঢাকা:
_bজালালাবাদ লোকসাহিত্য পরিষদ,
_c১৯৮৯।
300 _a৫৯ পৃষ্ঠা, :
_c২২ সে. মি.
600 1 0 _91086
_aআকবর, চৌধুরী গোলাম
650 0 _aCommemoration Volume (স্মারকগ্রন্থ), Memoirs, স্মারকগ্রন্থ, Smārakagrantha, Souvenir, স্মরণিক, স্মারকগ্রন্থ, স্মৃতিকথা, Smr̥tikathā, Memoirs, Reminiscences, স্মরণিকা, Smaraṇikā, Souvenir, স্যুভেনির, অভিজ্ঞান, Syubhēnira, so͞ovəˈnir, memorial, souvenir, remembrancer
_94668
700 1 _94590
_aকামাল, সৈয়দ মোস্তফা
942 _2ddc
_cBK